000 01876nam a2200541 i 4500
001 24939
003 KOSZ 005
005 20221010114534.0
008 980715s1996 pl a |000 0 pol
015 _aUWD 1997/2398
020 _a8385031618
035 _a991005295959705066
035 _a(PL-WaBN)b11386150-48omnis_nlop
035 _ab11386150
035 _a(OCoLC)830132062
035 _a(PL)b0000001138615
035 _a(EXLNZ-48OMNIS_NETWORK)9910065053805606
040 _aWA N
_cWA N
_dKOSZ005/HR
046 _k1996
080 _a621.31
080 _a519.8
080 _a(075.8)
100 1 _aHorak, Janusz
_eAutor
245 1 0 _aSieci elektryczne.
_nCz. 3,
_pZagadnienia optymalizacyjne w projektowaniu sieci rozdzielczych /
_cJanusz Horak, Anna Gawlak.
250 _aWyd. 3 zm. i uzup.
260 _aCzęstochowa :
_bWydawnictwo PC,
_c1996.
300 _a177, [2] s. :
_brys., wykr. ;
_c24 cm.
336 _aTekst
_btxt
_2rdacontent
337 _aBez urządzenia pośredniczącego
_bn
_2rdamedia
338 _aWolumin
_bnc
_2rdacarrier
380 _aKsiążki
388 _a1901-2000
388 _a1989-2000
490 1 _aSkrypty Politechniki Częstochowskiej
_x1234-9909
_v15
500 _aPoprz. cz. pod hasłem : Horak Janusz.
504 _aBibliogr. s. [179].
650 7 _aElektroenergetyka
650 7 _aOptymalizacja
650 7 _aSieć elektryczna
_2DBN
655 7 _aPodręczniki akademickie
_2DBN
658 _aInżynieria i technika
700 1 _aGawlak, Anna
_c(elektrotechnik)
_eAutor
710 2 _aWydawnictwo Politechniki Częstochowskiej
_4pbl
830 0 _aSkrypty Politechniki Częstochowskiej
_v15
856 _uhttp://koha.tu.koszalin.pl/cgi-bin/koha/opac-detail.pl?biblionumber=24939
_yKatalog online BPK
942 _2UKD
_cKS
999 _c24939
_d24939